Guidance on property sales (Record no. 115567)

MARC details
000 -LEADER
fixed length control field 01806cam a22003135a 4500
001 - CONTROL NUMBER
control field L158884
008 - FIXED-LENGTH DATA ELEMENTS--GENERAL INFORMATION
fixed length control field 150902s2015 xxk f 000 0 eng d
035 ## - SYSTEM CONTROL NUMBER
System control number (Sirsi) u158884
041 0# - LANGUAGE CODE
Language code of text/sound track or separate title eng
110 2# - MAIN ENTRY--CORPORATE NAME
Corporate name or jurisdiction name as entry element National Trading Standards Estate Agency Team
9 (RLIN) 6161
245 00 - TITLE STATEMENT
Title Guidance on property sales
Remainder of title Compliance with the Consumer Protection from Unfair Trading Regulations 2008 and the Business Protection from Misleading Marketing Regulations 2008
Medium [electronic resource]
260 ## - PUBLICATION, DISTRIBUTION, ETC.
Place of publication, distribution, etc. Powys
Name of publisher, distributor, etc. National Trading Standards Estate Agency Team
Date of publication, distribution, etc. 2015
520 ## - SUMMARY, ETC.
Summary, etc. Provides guidance for businesses involved in the sale of land or property in the UK to ensure compliance with the Consumer Protection from Unfair Trading Regulations 2008 (CPRs) and Business Protection from Misleading Marketing Regulations 2008 (BPRs). Aimed at property sales businesses including estate agents, online property retailers, property auctioneers as well as organisations involved in enforcing trading standards, advising consumers as well as ombudsmen and redress schemes. Supersedes all previous OFT guidance.
590 ## - LOCAL NOTE (RLIN)
Local note KA
650 24 - SUBJECT ADDED ENTRY--TOPICAL TERM
Topical term or geographic name entry element ESTATE AGENTS ACT 1979
650 24 - SUBJECT ADDED ENTRY--TOPICAL TERM
Topical term or geographic name entry element CONSUMER PROTECTION FROM UNFAIR TRADING REGULATIONS 2008
650 24 - SUBJECT ADDED ENTRY--TOPICAL TERM
Topical term or geographic name entry element BUSINESS PROTECTION FROM MISLEADING MARKETING REGULATIONS 2008
650 24 - SUBJECT ADDED ENTRY--TOPICAL TERM
Topical term or geographic name entry element COMPLIANCE
650 24 - SUBJECT ADDED ENTRY--TOPICAL TERM
Topical term or geographic name entry element ESTATE AGENCY
650 24 - SUBJECT ADDED ENTRY--TOPICAL TERM
Topical term or geographic name entry element PROPERTY AUCTIONS
650 24 - SUBJECT ADDED ENTRY--TOPICAL TERM
Topical term or geographic name entry element PROPERTY MISDESCRIPTIONS ACT 1991
650 24 - SUBJECT ADDED ENTRY--TOPICAL TERM
Topical term or geographic name entry element CONSUMER PROTECTION
650 24 - SUBJECT ADDED ENTRY--TOPICAL TERM
Topical term or geographic name entry element CONSUMER CONTRACTS (INFORMATION, CANCELLATION AND ADDITIONAL CHARGES) REGULATION 2013
651 #4 - SUBJECT ADDED ENTRY--GEOGRAPHIC NAME
Geographic name United Kingdom
Chronological subdivision
690 ## - LOCAL SUBJECT ADDED ENTRY--TOPICAL TERM (OCLC, RLIN)
Topical term or geographic name as entry element Sales
9 (RLIN) 6269
690 ## - LOCAL SUBJECT ADDED ENTRY--TOPICAL TERM (OCLC, RLIN)
Topical term or geographic name as entry element Auctioneering
9 (RLIN) 6218
856 40 - ELECTRONIC LOCATION AND ACCESS
Uniform Resource Identifier <a href="https://www.powys.gov.uk/estateagency">https://www.powys.gov.uk/estateagency</a>
Public note View the item free of charge from the www.powys.gov.uk website.
942 ## - ADDED ENTRY ELEMENTS (KOHA)
Suppress in OPAC 0
Holdings
Withdrawn status Lost status Source of classification or shelving scheme Damaged status Not for loan Home library Current library Shelving location Date acquired Total Checkouts Full call number Barcode Date last seen Copy number Price effective from Koha item type
    Dewey Decimal Classification     Virtual Virtual Online 02/09/2015   ONLINE PUBLICATION 158884-2001 06/08/2019 1 06/08/2019 Book